Power Metal bands - Statistics

General Stats
  • This quiz has been taken 262 times
  • The average score is 8 of 15
Answer Stats
Songs Answer % Correct
Through the Fire and Flames DragonForce
84%
I Want Out Helloween
82%
Primo Victoria Sabaton
78%
The Bard's Song Blind Guardian
73%
Hearts on Fire HammerFall
65%
Emerald Sword Rhapsody of Fire
58%
Black Diamond Stratovarius
58%
Sanctified with Dynamite Powerwolf
57%
FullMoon Sonata Arctica
52%
Rebellion in Dreamland Gamma Ray
44%
Carry On Angra
34%
Roses to No One Edguy
31%
Ghost Opera Kamelot
31%
Melancholy Iced Earth
28%
Under the Radar Primal Fear
9%
No matching quizzes found
Score Distribution
Percent of People with Each Score
Percentile by Number Answered
Your Score History
You have not taken this quiz